| 000 | 00805nam a2200217 a 4500 | ||
|---|---|---|---|
| 001 | BRCA_1663 | ||
| 005 | 20190320203510.0 | ||
| 008 | 830826s1982 us-a---##b---#000-0#eng-# | ||
| 020 | _a0912804106 | ||
| 040 |
_aDLC _cDLC _dDLC |
||
| 050 | 4 |
_aND813.R5 _b.J87 1982 |
|
| 245 | 1 | 0 |
_aJusepe de Ribera _blo Spagnoletto, 1591-1652 _cedited by Craig Felton and William B. Jordan. |
| 260 |
_aFort Worth _bKimbell Art Museum _c1982 |
||
| 300 |
_a241 p. _bil. (algunas a color) _c28 cm. |
||
| 500 | _aCatálogo de la exposición realizada en el Kimbell Art Museum (Fort Worth), 4 diciembre, 1982 - 6 febrero, 1983 | ||
| 504 | _aBibliografía: p. 234-241 | ||
| 600 | 1 | 4 |
_aRibera, José de _d1591-1652 _vExposiciones _95134 |
| 700 | 1 |
_aFelton, Craig _95183 |
|
| 700 | 1 |
_aJordan, William B _d1940- _95184 |
|
| 942 |
_2lcc _cB |
||
| 999 |
_c1459 _d1459 |
||